01334naa a2200205 a 450000100080000000500110000800800410001910000160006024500660007626000090014250000900015152006890024165300240093065300090095465300200096365300240098365300240100770000170103177300800104810239462011-05-23 1994 bl uuuu u00u1 u #d1 aDENARDI, F. aFred Hough - nova cultivar de macieira com imunidade a sarna. c1994 aTrab. apres. no Simposio sobre Fruticultura de Clima Temperado, 1, 1994, Cacador, SC. aAs cultivares de macieira hoje plantadas no sul do Brasil sao oriundas de paises de clima mais frio. Por isso, so produzem satisfatoriamente mediante tratamento de quebra de dormencia. Alem disso, sao altamente suscetiveis as principais doencas da macieira como sarna (Venturia inaequalis) e podridao amarga (Glomerella cingulata). A cultivar Fred e bem adaptada as condicoes climaticas do sul do Brasil. E portadora do gene Vf para imunidade a sarna e e mais produtiva que as cultivares Gala e Fuji, as principais plantadas no sul do Brasil. Os frutos doces, com epiderme vermelho-rajada, tem boa capacidade de conservacao em atmosfera controlada e muito boa resistencia ao manuseio. aAdaptacao climatica aMaca aMalus domestica aResistencia a sarna aVenturia inaequalis1 aCAMILO, A.P. tRevista Brasileira de Fruticultura, Cruz das Almasgv.16, n.1, p.1-6, 1994.